LDR 00922naa#a2200169#i#450# 001 RU\\bibl\98257 005 20260701075102.3 011 ## _a2542-1840 100 ## _a20260630b2026####ek#y0rusy0150####ca 102 ## _aRU 200 1# _aВоспитательный потенциал интеллектуальных игр для формирования чувства патриотизма у курсантов образовательных организаций МВД России _eЖурнальная статья 210 1# _aКемерово _cКемеровский государственный университет _d2026 215 ## _a8 с. 608 ## _aЖурнальная статья _2local 675 ## _aНародное образование. Воспитание. Обучение. Организация досуга. 37 _z 700 #1 _aКипреев _gСергей Николаевич 856 4# _avestnik-pses.kemsu.ru _u